|
|
|
|
| LEADER |
01689nam a2200265 i 4500 |
| 001 |
10100112 |
| 003 |
GR-PaULI |
| 005 |
20210117210221.0 |
| 008 |
130128r20162010gr g gre d |
| 952 |
|
|
|0 0
|1 0
|2 ddc
|4 0
|6 372_110000000000000_ΜΠΑ
|7 0
|9 206398
|a LISP
|b LISP
|c BSC
|d 2016-10-12
|i 135291
|l 1
|o 372.11 ΜΠΑ
|p 025000253215
|r 2017-08-29 00:00:00
|s 2017-08-11
|t 1
|v 2016.00
|w 2016-10-12
|y BK15
|
| 952 |
|
|
|0 0
|1 0
|2 ddc
|4 0
|6 372_110000000000000_ΜΠΑ
|7 0
|9 234449
|a LISP
|b LISP
|c BSC
|d 2019-07-31
|i 137636
|l 1
|o 372.11 ΜΠΑ
|p 025000258435
|r 2022-06-02 00:00:00
|s 2022-05-17
|t 2
|v 2019.00
|w 2019-07-31
|y BK15
|
| 952 |
|
|
|0 0
|1 0
|2 ddc
|4 0
|6 372_110000000000000_ΜΠΑ
|7 0
|9 234450
|a LISP
|b LISP
|c BSC
|d 2019-07-31
|i 137637
|l 0
|o 372.11 ΜΠΑ
|p 025000258434
|r 2019-07-31 00:00:00
|t 3
|v 2019.00
|w 2019-07-31
|y BK15
|
| 999 |
|
|
|c 125516
|d 125516
|
| 020 |
|
|
|a 9789609320719
|
| 040 |
|
|
|a GR-PaULI
|b gre
|c GR-PaULI
|e AARC2
|
| 082 |
0 |
4 |
|a 372.11
|2 23
|
| 100 |
1 |
|
|9 157524
|a Μπάκας, Θωμάς Σ.
|e συγγραφέας.
|
| 245 |
1 |
0 |
|a Οργάνωση διοίκηση και λειτουργία του σύγχρονου νηπιαγωγείου /
|b
|c Θωμάς Σ, Μπάκας
|
| 246 |
1 |
0 |
|i Άλλες παραλλαγές του τίτλου:
|a Οργάνωση διοίκηση & λειτουργία του σύγχρονου νηπιαγωγείου
|
| 260 |
|
|
|a Ιωάννινα :
|b [χ.ό.],
|c 2010, [ανατύπωση 2016].
|
| 300 |
|
|
|a 131, [2] σ. ;
|c 24 εκ.
|
| 504 |
|
|
|a Βιβλιογραφία: σ. 93-99.
|
| 650 |
|
4 |
|a Νηπιαγωγεία
|9 157526
|z Ελλάδα
|x Διοίκηση και οργάνωση .
|
| 942 |
|
|
|2 ddc
|c BK15
|
| 998 |
|
|
|c ΜΠΟΥΡΑΣ
|d 2016-10
|